Estudiantes y valores. El caso de la facultad de filosofía y letras / (Record no. 125864)
[ view plain ]
| 000 -LEADER | |
|---|---|
| fixed length control field | 00816cam a2200217 4500 |
| 008 - FIXED-LENGTH DATA ELEMENTS--GENERAL INFORMATION | |
| fixed length control field | 040316t20032003mx 000 0 spa u |
| 020 ## - INTERNATIONAL STANDARD BOOK NUMBER | |
| International Standard Book Number | 9706941169 |
| 050 00 - LIBRARY OF CONGRESS CALL NUMBER | |
| Classification number | LB3607 |
| Item number | C38 2003 |
| 100 1# - MAIN ENTRY--PERSONAL NAME | |
| Personal name | Chávez González, Guadalupe |
| 245 10 - TITLE STATEMENT | |
| Title | Estudiantes y valores. El caso de la facultad de filosofía y letras / |
| Statement of responsibility, etc | Guadalupe Chávez González, Laura Imelda Charles Lara, Benigno Benavides Martínez. |
| 260 ## - PUBLICATION, DISTRIBUTION, ETC. (IMPRINT) | |
| Place of publication, distribution, etc | México : |
| Name of publisher, distributor, etc | Grafo print, |
| Date of publication, distribution, etc | 2003 |
| 300 ## - PHYSICAL DESCRIPTION | |
| Extent | 208 p. ; |
| Dimensions | 22 cm. |
| 506 ## - RESTRICTIONS ON ACCESS NOTE | |
| Terms governing access | Rec. prop. esc. |
| 504 ## - BIBLIOGRAPHY, ETC. NOTE | |
| Bibliography, etc | Incluye bibliografía |
| 650 10 - SUBJECT ADDED ENTRY--TOPICAL TERM | |
| Topical term or geographic name as entry element | Valores sociales |
| General subdivision | Estudio y enseñanza |
| 650 20 - SUBJECT ADDED ENTRY--TOPICAL TERM | |
| Topical term or geographic name as entry element | Educación moral (Superior) |
| General subdivision | Estudio y enseñanza |
| 700 1# - ADDED ENTRY--PERSONAL NAME | |
| Personal name | Charles Lara, Laura Imelda, coaut |
| 700 1# - ADDED ENTRY--PERSONAL NAME | |
| Personal name | Benavides Martínez, Benigno, coaut |
| 942 ## - ADDED ENTRY ELEMENTS (KOHA) | |
| Source of classification or shelving scheme | Biblioteca del Cogreso de los Estados Unidos |
| Koha item type | Libro |
| Estado de pérdida | Fuente de clasificación | Estado del daño | No para préstamo | Ubicación permanente | Ubicación actual | Apartado o colección | Fecha de adquisición | Edición | Dependencia de educación superior (DES) | Área del conocimiento | Clasificación | Código de Barras | Date last seen | Número de copia | Tipo de recurso |
|---|---|---|---|---|---|---|---|---|---|---|---|---|---|---|---|
| Biblioteca del Cogreso de los Estados Unidos | Biblioteca de la Facultad de Filosofía | Biblioteca de la Facultad de Filosofía | General | 10/02/2017 | 1a. ed. | Humanidades | Educación y Humanidades | LB3607 C38 2003 | BFF000023623 | 10/02/2017 | C:1 | Libro |